Statistics for Copa Libertadores All-Time League Table

Click here to take the quiz!

General Stats

  • This quiz has been taken 320 times
    (135 since last reset)
  • The average score is 19 of 30

Answer Stats

#PointsTitlesAnswer% Correct
35916Boca Juniors
99%
16784River Plate
98%
133233Flamengo
94%
74403Palmeiras
89%
182813Santos FC
87%
242567Independiente
86%
26383Nacional
84%
45785Peñarol
84%
103521Colo-Colo
81%
113363São Paulo FC
79%
83673Grêmio
74%
272371Corinthians
73%
55013Club Olimpia
72%
232334Estudiantes
71%
153142Cruzeiro
68%
172932Atlético Nacional
67%
222612Internacional
67%
163130Barcelona SC
52%
123320América de Cali
50%
64620Cerro Porteño
48%
93570Bolívar
41%
292221Liga de Quito
41%
143230Universidad Católica
40%
202730Sporting Cristal
39%
192800Universitario de Deportes
38%
302170The Strongest
35%
282230Deportivo Cali
33%
252480Libertad
33%
212641Vélez Sarsfield
31%
262480Emelec
30%

Score Distribution

Percentile by Number Answered

Percent of People with Each Score

Your Score History

You have not taken this quiz since the last reset